书目信息 |
| 题名: |
监理员
|
|
| 作者: | 陈远吉 , 宁平 主编 | |
| 分册: | ||
| 出版信息: | 南京 江苏人民出版社 2020.7 |
|
| 页数: | 379页 | |
| 开本: | 26cm | |
| 丛书名: | ||
| 单 册: | ||
| 中图分类: | TU712.2 | |
| 科图分类: | ||
| 主题词: | 建筑工程--施工监理--技术教育--教材 | |
| 电子资源: | ||
| ISBN: | 978-7-214-07450-8 | |
| 000 | 00927nam0 2200253 45 | |
| 001 | 012001001029 | |
| 005 | 20140912143329.0 | |
| 010 | @a978-7-214-07450-8@dCNY53.00 | |
| 100 | @a20120417d2012 em y0chiy50 ea | |
| 101 | 0 | @achi |
| 102 | @aCN@b320000 | |
| 105 | @ay z 000yy | |
| 106 | @ar | |
| 200 | 1 | @a监理员@Ajian li yuan@b专著@f陈远吉,宁平主编 |
| 210 | @a南京@c江苏人民出版社@d2020.7 | |
| 215 | @a379页@d26cm | |
| 300 | @a住房和城乡建筑领域专业技术管理人员培训教材 | |
| 330 | @a本书归纳总结了建设工程监理的特点,以图解的形式阐述了建设工程施工监理的相关知识要点。全书内容主要包括:工程监理概述、建设工程监理组织、监理规划与监理实施细则、工程设计监理投资控制等。 | |
| 606 | 0 | @a建筑工程@x施工监理@x技术教育@j教材 |
| 690 | @aTU712.2@v5 | |
| 701 | 0 | @a陈远吉@Achen yuan ji@c(图书编辑)@4主编 |
| 701 | 0 | @a宁平@Aning ping@c(图书编辑)@4主编 |
| 801 | 0 | @aCN@bBJSDL@c20211011 |
| 905 | @b1332763-6@dTU712.2@e1882@f4 | |
| 监理员/陈远吉,宁平主编.-南京:江苏人民出版社,2020.7 |
| 379页;26cm |
| 住房和城乡建筑领域专业技术管理人员培训教材 |
| ISBN 978-7-214-07450-8:CNY53.00 |
| 本书归纳总结了建设工程监理的特点,以图解的形式阐述了建设工程施工监理的相关知识要点。全书内容主要包括:工程监理概述、建设工程监理组织、监理规划与监理实施细则、工程设计监理投资控制等。 |
| ● |
| 相关链接 |
|
|
|
|
正题名:监理员
索取号:TU712.2/1882
 
预约/预借
| 序号 | 登录号 | 条形码 | 馆藏地/架位号 | 状态 | 备注 |
| 1 | 1332763 | 213327639 | 第二样本阅览室/ [索取号:TU712.2/1882] | 在馆 | |
| 2 | 1332764 | 213327648 | 第三借阅区/ [索取号:TU712.2/1882] | 在馆 | |
| 3 | 1332765 | 213327657 | 第三借阅区/ [索取号:TU712.2/1882] | 在馆 | |
| 4 | 1332766 | 213327666 | 第三借阅区/ [索取号:TU712.2/1882] | 在馆 |